01418nam a2200277 450000500170000000800370001704100080005408200160006211000360007824501210011425000180023530000540025349000280030752004650033553400360080065000360083665000370087265000450090994200130095426400350096733600270100233700330102933800280106204000350109099900150112520220317001844.0170410s2014 c g 000 0 s aspa04a523.2bD37c2 aDiscovery Communications97796010aColisiones cósmicasbsistema solar = Cosmic collisionsbsolar systemcDiscovery Communicationshvideodisco digital a1a. edición a1 DVD (45 minutos)bsonido, color, digitalc12 cm aDiscovery en la escuela aNuestro sistema solar es una máquina de paintball cósmico. Rocas tan grandes como ciudades impactan constantemente planetas y dejan destrucción y caos a su paso. Colisiones cósmicas: sistemas solares viaja a través de nuestro vecindario cósmico, examinando cómo las colisiones crearon no sólo nuestra luna, sino planetas completos como Júpiter y nos muestra cómo piezas de roca del planeta Marte terminaron en nuestro propio planeta Tierra tCosmic collisions: Solar system142LEMBaAstronomíavVideodiscos142LEMBaSistema solarvVideodiscos142LEMBaColisiones espacialesvVideodiscos 2ddccDVD aBogotábMS Tv & Videosc2014 atextobtxt2rdacontent asin mediaciónbn2rdamedia avolumenbnc2rdacarrier aCO-BoRNBPbspaerdacCO-BoRNBP c8315d8315